000 00877cam a2200193 4500
001 WS107401
008 000000n 000 0 eng u
035 _a(Sirsi) u107401
110 _aGreat Britain
_bHealth and Safety Executive
245 _aHealth and Safety Executive
520 _aWeb site for this government organisation which ensures that 'risks to peoples health and safety from work activities are properly controlled'. Includes a list of HSE publications and links to the 'Working Well Together' construction safety campaign.
650 _aBUILT ENVIRONMENT
650 0 _aCONSULTATIVE DOCUMENT
650 _aWORKING WELL TOGETHER
650 _aMANAGEMENT-HEALTH AND SAFETY-HAZARDOUS SUBSTANCES-ASBESTOS
690 _aHealth and safety
_96244
856 4 0 _uhttps://www.hse.gov.uk/hsehome.htm
_zView the website free of charge at www.hse.gov.uk...
942 _n0
999 _c119533
_d119533